LDR 00741naa#a2200205#i#450# 001 EN\\bibl\120275 005 20260417004902.5 011 ## _a1819-4036 100 ## _a20210331b2021####ek#y0engy0150####ca 102 ## _aRU 200 1# _aTHE DEPRIM PHYTO PREPARATION INFLUENCE ON NONSPECIFIC RESISTANCE OF PIGSLETS’ ORGANISM _eJournal article 210 1# _aKrasnoyarsk _cKrasnoyarsk State Agrarian University _d2021 215 ## _a7 с. 608 ## _aJournal article _2local 675 ## _aСравнительная патология. Ветеринария. 619 _z 700 #1 _aVatnikov _gYuriy Anatol'evich 700 #1 _aRudenko _gPavel Anatol'evich 700 #1 _aKulikov _gEvgeniy Vladimirovich 700 #1 _aRudenko _gViktoriya Borisovna 856 4# _avestnik.kgau.ru _u